Contributeurs du projet "Communes de France par départements" - Statistiques

Statistiques générales
  • Ce quiz a été pris 14 fois
  • Le résultat moyen est 12 sur 27
Statistiques - réponses
Région Département Contributeur % Correct
Provence-Alpes-Côte-d'Azur 06 - Alpes-Maritimes Haschtee
100%
Occitanie 09 - Ariège baptistegorce
92%
Hauts-de-France 59 - Nord BolyaiAnna
83%
Normandie 14 - Calvados Elboy
83%
Nouvelle-Aquitaine 23 - Creuse SilverDog
83%
Hauts-de-France 02 - Aisne piR
67%
Hauts-de-France 62 - Pas-de-Calais Ravisseur
67%
Auvergne-Rhône-Alpes 74 - Haute-Savoie servalo
58%
Pays-de-la-Loire 85 - Vendée Gibe85
50%
Nouvelle-Aquitaine 16 - Charente Phytox
50%
Hauts-de-France 80 - Somme Bat2707
42%
Centre-Val-de-Loire 18 - Cher Capspao
42%
Auvergne-Rhône-Alpes 03 - Allier EdwardSnape
42%
Auvergne-Rhône-Alpes 42 - Loire Pifeger
42%
Occitanie 34 - Hérault Serdaigle34
42%
Outre-Mer 974 - Réunion Ghugoo
33%
Grand Est 54 - Meurthe-et-Moselle History4
33%
Auvergne-Rhône-Alpes 01 - Ain Thibaud442
33%
Grand Est 68 - Haut-Rhin ElMelador/Chogolatine
25%
Nouvelle-Aquitaine 33 - Gironde XouChe
25%
Île-de-France 91 - Essonne blablu
17%
Bourgogne-Franche-Comté 89 - Yonne lynXtrm
17%
Pays-de-la-Loire 72 - Sarthe Ricky72
17%
Grand Est 67 - Bas-Rhin ThatOnePunk
17%
Auvergne-Rhône-Alpes 69M - Métropole de Lyon EpicBoeuf
8%
Centre-Val-de-Loire 36 - Indre Partecq
8%
Outre-Mer Polynésie-Française Pullasorsa
8%
Aucun quiz correspondant
Distribution des résultats
% des personnes avec chaque résultat
Percentile par nombre de réponses
Votre historique - résultats
Vous n’avez pas pris ce quiz